000 00790nam a2200217 i 4500
001 23499
003 ES-MaACL
005 20250727030118.0
007 t|
008 021210s1958 sp ||||1| spa d
100 1 _aAllers, Rudolf.
_920030
245 1 0 _aPedagogía sexual y relaciones humanas
_b: (fundamentos y líneas principales analítico-existenciales) /
_cRudolf Allers ; con una introducción y notas por Oliver Brachfeld.
250 _a[1ª ed.].
260 _aBarcelona :
_bLuis Miracle,
_c[1958] (
_eAndorra :
_fCasal i Val)
300 _a383 p. ;
_c22 cm.
490 1 _aBiblioteca de antropología ;
_v18
700 1 _aOliver Brachfeld, F.
_986832
830 0 _aBiblioteca de antropología
_v18
_9180743
852 _aES-MaACL
_jC-16252
_bR.43633
999 _c23499
_d23499